<?xml version="1.0" encoding="UTF-8"?>
<marc:record xmlns:marc="http://www.loc.gov/MARC21/slim">
   <marc:leader>00000nam a2200000 a 4500</marc:leader>
   <marc:datafield ind1="1" ind2=" " tag="100">
      <marc:subfield code="a">Wiesenauer, Markus (Verfasser)</marc:subfield>
      <marc:subfield code="4">aut</marc:subfield>
      <marc:subfield code="e">Verfasser/-in</marc:subfield>
   </marc:datafield>
   <marc:datafield ind1=" " ind2=" " tag="653">
      <marc:subfield code="a">Gesundheit</marc:subfield>
   </marc:datafield>
   <marc:datafield ind1=" " ind2=" " tag="653">
      <marc:subfield code="a">Naturheilkunde</marc:subfield>
   </marc:datafield>
   <marc:datafield ind1=" " ind2=" " tag="653">
      <marc:subfield code="a">Homöopathie</marc:subfield>
   </marc:datafield>
   <marc:datafield ind1=" " ind2=" " tag="653">
      <marc:subfield code="a">wohlfühlen</marc:subfield>
   </marc:datafield>
   <marc:datafield ind1=" " ind2=" " tag="653">
      <marc:subfield code="a">Kinder</marc:subfield>
   </marc:datafield>
   <marc:datafield ind1="0" ind2="0" tag="245">
      <marc:subfield code="a">Quickfinder Homöopathie</marc:subfield>
   </marc:datafield>
   <marc:datafield ind1="0" ind2="0" tag="245">
      <marc:subfield code="b">der schnellste Weg zum richtigen Mittel</marc:subfield>
   </marc:datafield>
   <marc:datafield ind1="0" ind2="0" tag="245">
      <marc:subfield code="c">Dr. med. Markus Wiesenauer</marc:subfield>
   </marc:datafield>
   <marc:datafield ind1=" " ind2="1" tag="264">
      <marc:subfield code="a">München</marc:subfield>
      <marc:subfield code="b">Gräfe und Unzer Verlag GmbH</marc:subfield>
      <marc:subfield code="c">2018</marc:subfield>
   </marc:datafield>
   <marc:datafield ind1=" " ind2=" " tag="250">
      <marc:subfield code="a">1. Aufl.</marc:subfield>
   </marc:datafield>
   <marc:datafield ind1="1" ind2=" " tag="520">
      <marc:subfield code="a">#Beschreibung##Auf den ersten Griff das richtige Mittel##Homöopathie ist wunderbar zur Selbstbehandlung von Alltagsbeschwerden geeignet, doch manchmal fällt es schwer, auf die Schnelle das passende Mittel auszuwählen. Wer einen sicheren und schnellen Weg zum richtigen Mittel sucht, der ist mit dem völlig neuartigen Konzept des Quickfinders optimal bedient.##Mit Hilfe von übersichtlichen Diagrammtafeln wird die Selbstdiagnose sehr viel einfacher. Auch Leser, die nicht so viel über die Hintergründe der Homöopathie lesen wollen, finden sich bestens damit zurecht. Und wer mehr wissen möchte, der erfährt natürlich auch etwas über Hintergründe und Grundsätze der Homöopathie. Ein Kapitel mit knappen, präzisen Mittelbeschreibungen rundet dieses besondere Homöopathie-Buch ab.#</marc:subfield>
   </marc:datafield>
   <marc:datafield ind1=" " ind2=" " tag="020">
      <marc:subfield code="a">9783833865121</marc:subfield>
      <marc:subfield code="9">9783833865121</marc:subfield>
   </marc:datafield>
   <marc:datafield ind1=" " ind2=" " tag="041">
      <marc:subfield code="a">ger</marc:subfield>
   </marc:datafield>
   <marc:datafield ind1=" " ind2=" " tag="300">
      <marc:subfield code="a">152 Seiten</marc:subfield>
   </marc:datafield>
</marc:record>
